| 000 | 00807nam a2200265Ia 4500 | ||
|---|---|---|---|
| 003 | OSt | ||
| 005 | 20221005092818.0 | ||
| 006 | a|||||r|||| 00| 0 | ||
| 007 | ta | ||
| 008 | 221004b |||||||| |||| 00| 0 eng d | ||
| 020 |
_a9789400750425 (hbk) _c6828.57 |
||
| 024 | _a21050 | ||
| 037 |
_b7431, 10/03/2015, Efficient Book Distributors _cTextual |
||
| 040 |
_aCRL _cCRL _beng |
||
| 041 |
_2eng _aeng |
||
| 082 | _aR3xN59:g, Q3 | ||
| 100 | _aEmbree Lester Ed. | ||
| 245 | 0 | _aPhilosophy of Edmund Husserl | |
| 260 |
_aNew York _bSpringer USA _c2013 |
||
| 300 |
_axviii,308p. _ccm. |
||
| 490 | _aPhaenomenologica; H L Van | ||
| 650 | _aPHILOSOPHY | ||
| 942 |
_hR3xN59:g, Q3 _cTEXL _2cc |
||
| 999 |
_c999376 _d999376 |
||